000 00564nam a22001697a 4500
003 NUST
038 _aNusrat Nadeem
082 _a200
100 _aShaheen Nafeesa
_9123790
245 _aSelf-Healing Concrete Using Innovative Bio-Inspired Self-Healing Processes/
_cNafeesa Shaheen
264 _aIslamabad;
_bSCEE NUST;
_c2022.
300 _a168,p;
_bill;
_c30,cm.
650 _aPhD- Structural Engineering
_9123171
700 _aSupervisor:Dr. Rao Arsalan Khushnood
_9120487
856 _u http://10.250.8.41:8080/xmlui/handle/123456789/33990
942 _2ddc
_cSC
999 _c609866
_d609866